Mansfield Park

Saved in:
Bibliographic Details
Main Author: Austen, Jane (Author)
Format: Book
Language:Spanish
Published: Barcelona Alba 2008
Edition:9a. ed
Subjects:
Tags: Add Tag
No Tags, Be the first to tag this record!

MARC

LEADER 00000cam a2200000 a 4500
001 UCF1752
003 CL-VaPUC
008 120723e20080600SP |||||||||||||||||spa|d
020 |a 9788488730640 
082 0 4 |a 823  |b AUS  |2 21 
100 0 |a Austen, Jane  |e author  |9 418099 
245 1 0 |a Mansfield Park 
250 |a 9a. ed 
300 |a 520 p 
942 |c BK 
945 |d 20120723 00:00:00  |a dcastane 
260 |a Barcelona  |b Alba  |c 2008 
650 0 |a Novelas inglesas  |9 265220 
650 0 |a Literatura inglesa  |9 312907 
583 |a last modification  |c 20120723 10:17:00  |k Rodrigo Vera 
999 |c 348440  |d 348438 
952 |0 0  |1 0  |4 0  |6 823_000000000000000_AUS_2008  |7 0  |8 A  |9 450447  |a BIBING  |b BIBING  |d 2019-11-22  |i 4883799  |l 1  |o 823 AUS 2008  |p 4883799  |r 2025-01-20  |s 2022-06-06  |w 2019-11-22  |y BK  |k CUI